[Event "Polgar Challenge 2021"]
[Site "Online"]
[Date "2021.04.04"]
[Round "11.5"]
[White "Bjerre, Jonas Buhl"]
[Black "Lei, Tingjie"]
[Result "1-0"]
[WhiteElo "2550"]
[BlackElo "2505"]
[Annotator "ChessBase"]
[PlyCount "135"]
[EventDate "2021.04.08"]
[EventType "tourn"]
[EventCountry "NET"]
[SourceTitle "playchess.com"]
[Source "ChessBase"]
[SourceQuality "1"]
[TimeControl "600+5"]

1. d4 {[%emt 0:00:00]} Nf6 {[%emt 0:00:00]} 2. c4 {[%emt 0:00:00]} e6 {[%emt 0:00:00]} 3. Nf3 {[%emt 0:00:00]} d5 {[%emt 0:00:00]} 4. g3 {[%emt 0:00:00]} dxc4 {[%emt 0:00:11]} 5. Bg2 {[%emt 0:00:05]} Nc6 {[%emt 0:00:03]} 6. Qa4 {[%emt 0:00:33]} Bb4+ {[%emt 0:00:04]} 7. Bd2 {[%emt 0:00:39]} Nd5 {[%emt 0:00:04]} 8. Bxb4 {[%emt 0:00:42]} Ndxb4 {[%emt 0:00:03]} 9. Ne5 {[%emt 0:00:17]} O-O {[%emt 0:02:13]} 10. Nxc6 {[%emt 0:00:06]} Nxc6 {[%emt 0:00:04]} 11. e3 {[%emt 0:00:03]} b5 {[%emt 0:01:20]} 12. Qxb5 {[%emt 0:00:57]} Rb8 {[%emt 0:00:02]} 13. Qa4 {[%emt 0:01:41]} Nb4 {[%emt 0:00:03]} 14. O-O {[%emt 0:00:14]} Bd7 {[%emt 0:00:43]} 15. Qd1 {[%emt 0:00:02]} Qe7 {[%emt 0:03:58]} 16. Na3 {[%emt 0:00:59]} Nd3 {[%emt 0:00:50]} 17. Nxc4 {[%emt 0:00:08]} Nxb2 {[%emt 0:00:02]} 18. Nxb2 {[%emt 0:00:02]} Rxb2 {[%emt 0:00:00]} 19. Qc1 {[%emt 0:00:05]} Qa3 {[%emt 0:00:06]} 20. Qxc7 {[%emt 0:00:58]} Bb5 {[%emt 0:00:03]} 21. Rfb1 {[%emt 0:00:21]} Bd3 {[%emt 0:00:15]} 22. Rxb2 {[%emt 0:00:37]} Qxb2 {[%emt 0:00:05]} 23. Qc1 {[%emt 0:00:10]} Qb4 {[%emt 0:00:46]} 24. Qd1 {[%emt 0:00:23]} Qa3 {[%emt 0:00:29]} 25. Qb3 {[%emt 0:00:44]} Qxb3 {[%emt 0:00:02]} 26. axb3 {[%emt 0:00:02]} Rc8 {[%emt 0:00:27]} 27. d5 {[%emt 0:01:08]} exd5 {[%emt 0:00:05]} 28. Bxd5 {[%emt 0:00:03]} Rc7 {[%emt 0:00:04]} 29. e4 {[%emt 0:00:25]} g5 {[%emt 0:00:13]} 30. f3 {[%emt 0:00:22]} Kg7 {[%emt 0:00:02]} 31. Kf2 {[%emt 0:00:03]} a6 {[%emt 0:00:02]} 32. Ke3 {[%emt 0:00:04]} Bb5 {[%emt 0:00:02]} 33. Kd4 {[%emt 0:00:19]} Rc2 {[%emt 0:00:03]} 34. h4 {[%emt 0:00:07]} gxh4 {[%emt 0:00:05]} 35. gxh4 {[%emt 0:00:03]} Rh2 {[%emt 0:00:08]} 36. Rg1+ {[%emt 0:00:12]} Kf8 {[%emt 0:00:01]} 37. Rg4 {[%emt 0:00:05]} Be8 {[%emt 0:00:16]} 38. e5 {[%emt 0:00:13]} Ke7 {[%emt 0:00:04]} 39. Bc4 {[%emt 0:00:09]} a5 {[%emt 0:00:04]} 40. Rf4 {[%emt 0:00:07]} Rf2 {[%emt 0:00:07]} 41. Kc5 {[%emt 0:00:04]} Rc2 {[%emt 0:00:06]} 42. Kb6 {[%emt 0:00:05]} Rc1 {[%emt 0:00:06]} 43. Kxa5 {[%emt 0:00:03]} Re1 {[%emt 0:00:01]} 44. Rf5 {[%emt 0:00:06]} Rh1 {[%emt 0:00:03]} 45. h5 {[%emt 0:00:02]} Rb1 {[%emt 0:00:10]} 46. Kb4 {[%emt 0:00:03]} Rb2 {[%emt 0:00:01]} 47. Kc5 {[%emt 0:00:04]} Rc2 {[%emt 0:00:03]} 48. h6 {[%emt 0:00:06]} Kd8 {[%emt 0:00:02]} 49. Kb4 {[%emt 0:00:04]} Ke7 {[%emt 0:00:02]} 50. f4 {[%emt 0:00:02]} Rf2 {[%emt 0:00:08]} 51. Rf6 {[%emt 0:00:02]} Rf3 {[%emt 0:00:02]} 52. Kc5 {[%emt 0:00:03]} Rc3 {[%emt 0:00:02]} 53. Kd4 {[%emt 0:00:02]} Rc1 {[%emt 0:00:02]} 54. Bd3 {[%emt 0:00:05]} Rd1 {[%emt 0:00:05]} 55. Kc3 {[%emt 0:00:02]} Rh1 {[%emt 0:00:11]} 56. Bxh7 {[%emt 0:00:04]} Bd7 {[%emt 0:00:02]} 57. Be4 {[%emt 0:00:06]} Rh3+ {[%emt 0:00:02]} 58. Kd4 {[%emt 0:00:09]} Be6 {[%emt 0:00:09]} 59. b4 {[%emt 0:00:03]} Rb3 {[%emt 0:00:03]} 60. Kc5 {[%emt 0:00:07]} Rc3+ {[%emt 0:00:01]} 61. Kb5 {[%emt 0:00:12]} Bd7+ {[%emt 0:00:19]} 62. Kb6 {[%emt 0:00:03]} Be6 {[%emt 0:00:06]} 63. h7 {[%emt 0:00:03]} Rh3 {[%emt 0:00:01]} 64. b5 {[%emt 0:00:06]} Kf8 {[%emt 0:00:03]} 65. f5 {[%emt 0:00:07]} Bd7 {[%emt 0:00:06]} 66. e6 {[%emt 0:00:07]} Be8 {[%emt 0:00:02]} 67. exf7 {[%emt 0:00:02]} Bd7 {[%emt 0:00:04]} 68. Rd6 {[%emt 0:00:04]} 1-0

[Event "Polgar Challenge 2021"]
[Site "Online"]
[Date "2021.04.04"]
[Round "11.6"]
[White "Gukesh D"]
[Black "Badelka, Olga"]
[Result "1-0"]
[WhiteElo "2578"]
[BlackElo "2433"]
[Annotator "TA"]
[PlyCount "135"]
[EventDate "2021.04.08"]
[EventType "tourn"]
[EventCountry "NET"]
[SourceTitle "playchess.com"]
[Source "ChessBase"]
[SourceQuality "1"]

{[%evp 14,135,8,0,10,0,0,-14,-12,-17,-12,-11,-11,-11,-15,-17,-18,-107,-40,-30,-32,-31,-40,-29,33,0,35,0,0,0,0,0,0,0,0,0,0,-22,216,212,201,212,205,197,197,197,212,212,212,212,259,259,292,268,294,273,290,248,229,226,229,229,211,191,281,258,510,428,646,425,420,401,411,235,29988,806,29989,393,754,393,5043,645,582,395,364,243,250,242,240,168,214,208,193,175,189,178,324,319,288,249,397,290,462,655,479,479,5122,140,383,345,432,289,454,446,460,443,29983,29984,29984,29985,29985,29986,29986,29987]} 1. d4 Nf6 2. Nf3 e6 3. c4 d5 4. g3 dxc4 5. Bg2 c6 6. O-O b5 7. Ne5 Bb7 8. Nc3 a6 {E04: Open Catalan: 5 Nf3.} 9. b3 cxb3 10. Qxb3 $5 {[%mdl 4] Leaves trodden paths.} Qxd4 {The position is equal.} 11. Bf4 Be7 {[#]} 12. Rfd1 $146 ({Predecessor:} 12. a4 b4 13. Rac1 Qa7 14. Nc4 c5 15. Bxb7 Qxb7 16. a5 Nc6 17. Na4 Rd8 18. Rfd1 {0-1 (34) Troff,K (2543)-Nyzhnyk,I (2622) Las Vegas 2016}) 12... Qb4 13. Qc2 $1 O-O 14. Rab1 Qc5 15. Qd3 (15. a4 $1 $11) 15... Nd5 ({Black should try} 15... g5 $1 $17 16. Na4 bxa4 17. Rxb7 gxf4 18. gxf4 h5) 16. Nxd5 $1 $15 cxd5 17. Rbc1 Qb6 18. e4 {[%cal Re4d5]} f6 {[#]} (18... d4 $11 19. Qxd4 Qxd4 20. Rxd4 Rd8) 19. Be3 $1 Qd8 (19... d4 {is more complex.} 20. Bxd4 Qa5 21. Nf3 Nc6 22. Qb3 Nd8) 20. Ng4 {[%cal Re4d5]} (20. Qb3 $5 {[%cal Re4d5]} Kh8 21. exd5 exd5 22. Rxd5 (22. Bxd5 Bxd5 23. Rxd5 Qe8 $11) 22... Bxd5 23. Qxd5 Qxd5 24. Bxd5 $14) 20... Nc6 21. exd5 Nb4 {[%mdl 64] Double Attack} 22. Qe2 Nxd5 {aiming for ...Qd7.} (22... Bxd5 $6 23. a3 $16) 23. Bc5 Bxc5 24. Qxe6+ Kh8 {Threatens to win with ...Re8.} 25. Bxd5 Bc8 (25... Bxd5 $11 26. Rxd5 Qe7 27. Qxe7 Bxe7) 26. Qe2 $18 Bxg4 27. Qxg4 Rc8 {...Bxf2+! is the strong threat.} 28. Be6 $1 {[%csl LRc8,LRd8][%mdl 64] Discovered Attack} Bxf2+ 29. Kxf2 Qb6+ 30. Kg2 Rxc1 31. Rxc1 Qe3 32. Rc2 Re8 33. Bd7 Rf8 34. Qf3 Qd4 35. Bf5 g6 36. Bd3 Rd8 37. Bf1 Qe5 38. Re2 Qd4 (38... Qd5 $142 39. Rc2 Rd6 40. Qxd5 Rxd5) 39. h4 Rf8 $2 (39... Qd6 40. Kh2 Kg7) 40. Qb7 Qa4 (40... Rd8 $142 41. Qxa6 g5 42. hxg5 Qd5+ 43. Kh2 Qxg5) 41. Qe7 {[%cal Re7f8]} Kg8 42. Kh2 {Black must now prevent Bh3.} Qd4 43. Bh3 (43. Qe6+ $142 Rf7 44. Bg2) 43... Rd8 $2 (43... f5 $18 44. Qe6+ Kg7 45. Qxa6 f4 46. Qb7+ (46. Qxb5 $2 fxg3+ {[%mdl 64] Discovered Attack} 47. Kxg3 Qf4+ 48. Kg2 Qf1+ 49. Kh2 Rf2+ 50. Rxf2 Qxb5 $19) 46... Rf7) 44. Be6+ Kh8 45. Bb3 $2 (45. h5 {mates} Rb8 46. h6 Qh4+ 47. gxh4 Rg8 48. Bxg8 Kxg8 49. Qg7#) 45... a5 $2 (45... Qd6 46. Qf7 Rf8) 46. a3 b4 $2 (46... Qd6 47. Qa7 Qd7 48. Qxa5 Qd3) 47. a4 (47. Qf7 $142 g5 48. Bc2) 47... Qd6 {If only Black now had time for ...Qxe7....} 48. Qf7 {White threatens Re7 and mate.} Rf8 49. Qe6 ({Weaker is} 49. Re8 Rxe8 50. Qxe8+ Kg7 $18) 49... Rd8 {If Black can now play ...Qxe6 this consolidates a bit.} 50. Qxd6 Rxd6 {[%mdl 4096] Endgame KRB-KR} 51. Re3 Rd2+ 52. Kh3 Rb2 53. g4 Kg7 54. Kg3 h5 (54... Kf8 $142 55. Rf3 Ke7) 55. gxh5 gxh5 56. Kf3 Kg6 (56... Rh2 {might work better.} 57. Kg3 Rb2) 57. Ke4 Rh2 (57... Rg2 {was worth a try.} 58. Be6 Rg1) 58. Rg3+ Kh6 59. Kf5 Rxh4 (59... Rf2+ $142 60. Ke6 Rf4) 60. Kxf6 $2 (60. Be6 $18 b3 61. Kxf6) 60... Rf4+ {A mistake that costs the game.} (60... Rg4 $16 61. Rh3 Rf4+ 62. Ke5 Rf1) 61. Ke5 Rf2 62. Bd5 h4 (62... Rf8 {keeps fighting.} 63. Bb3 Rf2) 63. Rg8 Kh7 64. Rg4 Rh2 (64... h3 $18 65. Rh4+ Kg6 66. Rxh3 Rf5+ 67. Kd4 Rf1) 65. Be4+ {White mates.} Kh6 66. Kf6 Rf2+ {[#]} 67. Bf5 $1 {[%cal Rg4h4]} Kh5 68. Rg8 {[%cal Rg8h8] Weighted Error Value: White=0.76/Black=0.62} 1-0

[Event "Polgar Challenge 2021"]
[Site "Online"]
[Date "2021.04.04"]
[Round "11.7"]
[White "Keymer, Vincent"]
[Black "Nihal Sarin"]
[Result "1/2-1/2"]
[WhiteElo "2591"]
[BlackElo "2620"]
[Annotator "TA"]
[PlyCount "98"]
[EventDate "2021.04.08"]
[EventType "tourn"]
[EventCountry "NET"]
[SourceTitle "playchess.com"]
[Source "ChessBase"]
[SourceQuality "1"]

{[%evp 23,98,50,54,47,41,49,78,22,92,83,49,94,199,210,209,198,189,169,162,177,235,97,94,79,50,70,591,77,62,-91,-94,-191,0,0,0,-184,-12,-75,-72,-116,-117,-203,-201,-201,-184,-207,0,0,0,0,0,0,0,-7,0,0,0,3,62,62,61,59,154,147,146,137,135,0,0,0,0,0,0,0,0,0,0]} 1. d4 Nf6 2. c4 e6 3. Nf3 d5 4. Nc3 c6 5. Bg5 Nbd7 6. cxd5 exd5 7. Qc2 Be7 8. e3 O-O 9. Bd3 Re8 10. h3 Nf8 11. O-O Ng6 12. Ne5 Nd7 13. Bxe7 {D36: Queen's Gambit Declined: Exchange Variation: Main line (5 Bg5 c6 6 Qc2).} Qxe7 14. f4 Ngf8 {[%cal Bg6f8,Bf8e6,Be6f4][%mdl 32]} 15. e4 {[#]} (15. Rae1 $16) 15... Qb4 $146 (15... dxe4 $11 {keeps the balance.} 16. Bc4 (16. Nxe4 Nf6 $11) 16... Nxe5 17. fxe5 Be6 18. Nxe4 Qh4) ({Predecessor:} 15... Nf6 16. exd5 Nxd5 17. Nxd5 cxd5 18. Rae1 Qd8 19. f5 f6 20. Nf3 Bd7 21. Qb3 Bc6 22. Rxe8 Qxe8 23. Re1 Qd7 24. Qa3 Kf7 25. b4 {½-½ (25) Kononenko,T (2305)-Shadrina,T (2401) Vladimir 2004}) 16. Nf3 $16 (16. exd5 $6 Qxd4+ 17. Kh1 Nxe5 $11) 16... dxe4 17. Nxe4 h6 (17... Nb6 $16) 18. Rae1 $18 Ne6 19. a3 Qf8 20. f5 Nf4 21. Bc4 Nb6 (21... Nd5 {might work better.} 22. Qb3 N7b6) 22. Ba2 (22. Ne5 $18 {has better winning chances.} Nxc4 23. Qxc4) 22... Bxf5 $16 {[#]} 23. Nf6+ gxf6 24. Qxf5 {[%mdl 64] Double Attack} Qd6 {[%mdl 8192] [#]} (24... Nbd5 $14) 25. Rxe8+ $2 (25. Bxf7+ $1 $18 {[%mdl 512] is the precise move to win.} Kxf7 26. Ne5+ Rxe5 27. dxe5 Qd4+ 28. Kh1) 25... Rxe8 26. Qg4+ $2 (26. Kh1 $1 $14 {stays ahead.}) 26... Kf8 $17 27. Qh4 (27. Kh1 $17 Ne2 28. Ne5 Qxd4 29. Qxd4 Nxd4 30. Ng4) 27... Kg7 28. Qg4+ Kf8 {...h5 is the strong threat.} 29. Qh4 f5 $2 (29... Ne2+ $19 30. Kf2 f5) 30. Kh1 (30. Ne5 $11 Qxd4+ {[%mdl 64] Double Attack} 31. Kh2 Qxe5 32. Qxh6+ Ke7 33. Qg5+ f6 34. Qxf4) 30... Re4 $1 {aiming for ...Ne2.} 31. Ne5 Ne2 ({But not} 31... Rxd4 $2 32. Nxf7 Nxg2 33. Qh5 $18 (33. Kxg2 Rd2+ 34. Rf2 Rxf2+ 35. Qxf2 Qf6 $18)) 32. Qf2 (32. g4 $17) 32... Qxd4 $19 ({Don't do} 32... Nxd4 33. Nxf7 Qf6 34. Re1 $15) 33. Nxf7 Qxf2 34. Rxf2 Ng3+ $2 (34... Nc1 $19 35. Rxf5 Re1+ 36. Kh2 Nxa2 37. Nd8+ Ke7 38. Nxb7 Nd5) 35. Kh2 $11 f4 36. Nxh6 Nd5 37. Bxd5 cxd5 {[%mdl 4096] Endgame KRN-KRN} 38. Ng4 Ke7 39. Rf3 d4 40. h4 Ke6 (40... Ne2 $11) 41. Nf2 $14 Re3 42. Rxf4 d3 {[#]} ({Black should try} 42... Nf5 $14) 43. Ng4 $1 $16 {[%cal Rg4e3]} Ne2 44. Rf6+ Ke7 {[#] Hoping for ...Rg3.} 45. Rf1 (45. Rf7+ $3 $16 {[%mdl 512]} Kxf7 46. Nxe3) 45... Re4 $11 {The position is equal.} 46. Kh3 Nf4+ (46... d2 $5 47. Rd1 $8 Nf4+ 48. Kh2 Re2 $11) 47. Kh2 Ne2 (47... d2 $5 48. Rd1 $8 Re2 $11) 48. Kh3 Nf4+ (48... d2 $5 49. Rd1 $8 Nf4+ 50. Kh2 Re2 $11) 49. Kh2 Ne2 {A wild game.  Weighted Error Value: White=0.44/Black=0.54} 1/2-1/2

[Event "Polgar Challenge 2021"]
[Site "Online"]
[Date "2021.04.04"]
[Round "11.8"]
[White "Mendonca, Leon Luke"]
[Black "Mammadzada, Gunay"]
[Result "1-0"]
[WhiteElo "2549"]
[BlackElo "2443"]
[Annotator "ChessBase"]
[PlyCount "51"]
[EventDate "2021.04.08"]
[EventType "tourn"]
[EventCountry "NET"]
[SourceTitle "playchess.com"]
[Source "ChessBase"]
[SourceQuality "1"]
[TimeControl "600+5"]

1. d4 {[%emt 0:00:00]} d5 {[%emt 0:00:00]} 2. c4 {[%emt 0:00:05]} c6 {[%emt 0:00:00]} 3. Nf3 {[%emt 0:00:06]} Nf6 {[%emt 0:00:00]} 4. e3 {[%emt 0:00:45]} Bf5 {[%emt 0:00:04]} 5. Nc3 {[%emt 0:00:03]} a6 {[%emt 0:00:03]} 6. Ne5 {[%emt 0:01:54]} Nbd7 {[%emt 0:00:03]} 7. Qb3 {[%emt 0:00:05]} Qc7 {[%emt 0:00:03]} 8. cxd5 {[%emt 0:00:25]} Nxe5 {[%emt 0:00:05]} 9. dxe5 {[%emt 0:00:01]} Nxd5 {[%emt 0:00:01]} 10. Bc4 {[%emt 0:00:09]} e6 {[%emt 0:00:34]} 11. e4 {[%emt 0:00:09]} Nxc3 {[%emt 0:00:38]} 12. exf5 {[%emt 0:00:04]} Nd5 {[%emt 0:05:22]} 13. O-O {[%emt 0:00:41]} O-O-O {[%emt 0:01:04]} 14. Bg5 {[%emt 0:01:01]} Rd7 {[%emt 0:00:21]} 15. fxe6 {[%emt 0:00:35]} fxe6 {[%emt 0:00:00]} 16. Rac1 {[%emt 0:00:10]} h6 {[%emt 0:00:45]} 17. Be3 {[%emt 0:01:42]} Qxe5 {[%emt 0:01:11]} 18. Rfe1 {[%emt 0:00:33]} Bd6 {[%emt 0:00:51]} 19. g3 {[%emt 0:00:07]} Qf5 {[%emt 0:00:09]} 20. Bxa6 {[%emt 0:01:07]} bxa6 {[%emt 0:00:05]} 21. Rxc6+ {[%emt 0:00:02]} Kd8 {[%emt 0:00:06]} 22. Rxd6 {[%emt 0:00:12]} Rxd6 {[%emt 0:00:08]} 23. Qb8+ {[%emt 0:00:02]} Ke7 {[%emt 0:00:01]} 24. Qxh8 {[%emt 0:00:04]} Kf7 {[%emt 0:00:05]} 25. Bc5 {[%emt 0:00:40]} Rb6 {[%emt 0:00:25]} 26. Qf8+ {[%emt 0:00:08]} 1-0

[Event "Polgar Challenge 2021"]
[Site "Online"]
[Date "2021.04.04"]
[Round "11.9"]
[White "Abdumalik, Zhansaya"]
[Black "Murzin, Volodar"]
[Result "0-1"]
[WhiteElo "2472"]
[BlackElo "2478"]
[Annotator "ChessBase"]
[PlyCount "56"]
[EventDate "2021.04.08"]
[EventType "tourn"]
[EventCountry "NET"]
[SourceTitle "playchess.com"]
[Source "ChessBase"]
[SourceQuality "1"]
[TimeControl "600+5"]

1. e4 {[%emt 0:00:00]} c6 {[%emt 0:00:00]} 2. d4 {[%emt 0:00:00]} d5 {[%emt 0:00:00]} 3. Nd2 {[%emt 0:00:00]} dxe4 {[%emt 0:00:00]} 4. Nxe4 {[%emt 0:00:00]} Bf5 {[%emt 0:00:03]} 5. Ng3 {[%emt 0:00:00]} Bg6 {[%emt 0:00:01]} 6. Nh3 {[%emt 0:00:00]} Nf6 {[%emt 0:01:01]} 7. Nf4 {[%emt 0:00:03]} Nbd7 {[%emt 0:01:15]} 8. c3 {[%emt 0:00:05]} Qc7 {[%emt 0:00:50]} 9. Bc4 {[%emt 0:00:06]} e6 {[%emt 0:00:42]} 10. O-O {[%emt 0:00:28]} Bd6 {[%emt 0:00:04]} 11. Qf3 {[%emt 0:01:19]} O-O-O {[%emt 0:00:31]} 12. a4 {[%emt 0:00:15]} Nb6 {[%emt 0:00:13]} 13. Bb3 {[%emt 0:00:25]} Nbd5 {[%emt 0:00:07]} 14. Nxg6 {[%emt 0:00:40]} hxg6 {[%emt 0:00:06]} 15. a5 {[%emt 0:00:00]} a6 {[%emt 0:00:30]} 16. c4 {[%emt 0:00:27]} Ne7 {[%emt 0:00:07]} 17. d5 {[%emt 0:02:02]} exd5 {[%emt 0:00:22]} 18. cxd5 {[%emt 0:00:01]} Nexd5 {[%emt 0:00:01]} 19. h3 {[%emt 0:00:15]} Bf4 {[%emt 0:00:26]} 20. Ne4 {[%emt 0:00:18]} Nxe4 {[%emt 0:01:33]} 21. Bxd5 {[%emt 0:00:30]} Bh2+ {[%emt 0:01:35]} 22. Kh1 {[%emt 0:00:02]} cxd5 {[%emt 0:00:01]} 23. Be3 {[%emt 0:00:07]} Kb8 {[%emt 0:00:13]} 24. Rfc1 {[%emt 0:02:01]} Qd6 {[%emt 0:00:06]} 25. Qxf7 {[%emt 0:00:41]} Rhf8 {[%emt 0:00:24]} 26. Qxg7 {[%emt 0:00:05]} Be5 {[%emt 0:00:02]} 27. Qh7 {[%emt 0:00:27]} Rh8 {[%emt 0:00:05]} 28. Qf7 {[%emt 0:00:06]} Rdf8 {[%emt 0:00:02]} 0-1

[Event "Polgar Challenge 2021"]
[Site "Online"]
[Date "2021.04.04"]
[Round "11.10"]
[White "Khademalsharieh, Sarasadat"]
[Black "Abdusattorov, Nodirbek"]
[Result "1/2-1/2"]
[WhiteElo "2494"]
[BlackElo "2627"]
[Annotator "TA"]
[PlyCount "131"]
[EventDate "2021.04.08"]
[EventType "tourn"]
[EventCountry "NET"]
[SourceTitle "playchess.com"]
[Source "ChessBase"]
[SourceQuality "1"]

{[%evp 26,130,29,0,21,0,18,18,15,0,0,0,0,0,0,0,0,-8,0,-9,-5,-7,-8,-5,-3,-22,-49,-119,-3,-3,-4,-4,-5,-29,0,0,0,0,0,-1,0,0,0,0,0,0,0,0,0,0,0,0,0,0,0,-7,-8,-9,-10,-12,0,0,0,0,0,-3,0,0,0,0,0,0,0,0,0,0,0,0,0,0,0,0,0,0,0,0,0,0,0,0,0,0,0,0,0,0,0,0,0,0,0,0,0,0,0,0,0]} 1. d4 Nf6 2. c4 e6 3. Nf3 d5 4. Nc3 c5 5. cxd5 Nxd5 6. e4 Nxc3 7. bxc3 cxd4 8. cxd4 Bb4+ 9. Bd2 Bxd2+ 10. Qxd2 O-O 11. Bc4 Nd7 12. O-O b6 13. Rfe1 Bb7 14. Rad1 Rc8 {D41: Queen's Gambit Declined: Semi-Tarrasch with 5 cxd5.} 15. Bb3 h6 16. Re3 Re8 17. h3 Nf6 {[#]} 18. Rde1 $146 ({Predecessor:} 18. Qe2 Rc7 19. d5 exd5 20. e5 Nh5 21. Rd4 g6 22. Qd2 Qe7 23. Nh2 Qc5 24. Re1 {1-0 (39) Goryachkina,A (2579)-Ju,W (2583) Lausanne 2020}) 18... Qc7 19. a4 Red8 20. Qb2 Qe7 21. Qd2 a5 22. d5 exd5 23. exd5 Qb4 24. Qxb4 axb4 25. Rd1 Bxd5 26. Bxd5 (26. Red3 $15 Rc3 27. Kh2) 26... Nxd5 (26... Rxd5 $17 27. Rb1 Rdc5) 27. Red3 $11 Rc5 28. Rd4 b3 {[#] ...b2 is the strong threat.} 29. Rb1 (29. Nd2 $5 {[%cal Rd2b3]}) 29... Re8 30. Rxb3 {The position is equal.} Re2 31. Rbd3 Nc3 32. Rb4 Ne4 33. Re3 Rxe3 34. fxe3 {[%mdl 4096] Endgame KRN-KRN} Nc3 35. Rxb6 Nxa4 36. Rb8+ Kh7 37. Rb7 Kg6 38. Ra7 {And now Ra6+ would win.} Nc3 39. Ra6+ f6 40. Ra7 h5 41. Nh4+ Kh6 42. Nf3 Nd5 43. e4 Nf4 44. Nh4 g6 45. Ra6 Rc2 46. Rxf6 Kg5 {[%mdl 64] [#] Double Attack} 47. e5 Ne2+ 48. Kh2 $1 Kxh4 {KRN-KR} 49. Rf2 Kg5 {Hoping for ...Nd4.} 50. e6 Rc7 {Threatens to win with ...Nf4.} 51. Rxe2 {aiming for e7. KR-KR} Kf6 52. Kg3 (52. g3 {looks sharper.} Re7 53. Rf2+ Kg7 54. Re2 Kf6) 52... Re7 53. Kh4 (53. h4 {feels hotter.} Rxe6 54. Rxe6+ Kxe6 55. Kf4 Kf6 56. Ke4) 53... Rxe6 54. Rxe6+ Kxe6 {KPP-KPP} 55. Kg5 Kf7 56. Kh6 Kf6 57. g4 hxg4 58. hxg4 {KP-KP} g5 59. Kh5 Kf7 60. Kxg5 {White threatens Kh6 and mate. KP-K} Kg7 61. Kh5 Kh7 62. g5 Kg7 63. g6 Kg8 64. Kh6 {Intending g7 and mate.} Kh8 65. g7+ Kg8 66. Kg6 {Weighted Error Value: White=0.04/Black=0.07} 1/2-1/2

[Event "Polgar Challenge 2021"]
[Site "Online"]
[Date "2021.04.04"]
[Round "12.1"]
[White "Zhu, Jiner"]
[Black "Abdusattorov, Nodirbek"]
[Result "0-1"]
[WhiteElo "2459"]
[BlackElo "2627"]
[Annotator "TA"]
[PlyCount "58"]
[EventDate "2021.04.08"]
[EventType "tourn"]
[EventCountry "NET"]
[SourceTitle "playchess.com"]
[Source "ChessBase"]
[SourceQuality "1"]

{[%evp 15,58,25,37,43,39,23,27,17,37,37,50,29,79,79,79,68,93,80,75,42,54,53,50,16,27,17,18,-11,8,0,0,0,0,-650,-72,-75,-69,-842,-831,-29989,-29990,-29991,-1786,-1716,-1628]} 1. e4 c6 2. d4 d5 3. e5 Bf5 4. Nf3 e6 5. Be2 c5 6. Be3 cxd4 7. Nxd4 Ne7 8. O-O {now scores much better than the old 8.Nd2.} Nbc6 9. Bb5 {B12: Caro-Kann: Advance Variation.} Bg6 10. c4 a6 11. cxd5 {White has an edge.} axb5 12. dxc6 bxc6 {[#]} 13. Nc3 $146 ({Predecessor:} 13. Qe2 Nf5 14. Nxc6 Qd7 15. Rc1 Rc8 16. Qf3 Nh4 17. Qg4 Nf5 18. Qf3 Nh4 19. Qg4 Nf5 20. Qf3 Nh4 {½-½ (20) Muminova,N (2312)-Yakubboev,N (2004) Tashkent 2013}) 13... Qd7 14. Rc1 b4 15. Na4 {[#] And now Nb6 would win.} Nd5 16. Nxc6 Rc8 ({But not} 16... Nxe3 $2 17. Qxd7+ Kxd7 18. Nb6+ Ke8 19. fxe3 $18 (19. Nxa8 Nxf1 20. Kxf1 f6 $18)) 17. Nd4 Be7 18. Rxc8+ Qxc8 19. Qc1 O-O 20. Nc6 {Hoping for Nb6.} Bh4 {Strongly threatening ...Qa6.} 21. Qc4 {[#]} Qd7 $1 22. Rc1 (22. Nb6 Nxe3) 22... Nxe3 23. Qxh4 Qd2 {[%cal Rd2c1]} 24. Ne7+ (24. Ra1 $1 $11 {keeps the balance.} Nd5 25. Ne7+ Nxe7 26. Qxe7) 24... Kh8 $17 {[%cal Rd2c1]} 25. Ra1 Nd1 $40 {[%cal Rd2e1][%mdl 1152] Black has strong compensation. Black mounts an attack.} 26. f3 $2 {[%mdl 8192] Loses the game.} ({Don't blunder} 26. Nxg6+ $2 fxg6 27. f3 g5 $19) (26. h3 $15) 26... Bc2 $19 27. b3 g5 28. Qg3 Qe3+ (28... Qd4+ $142 29. Kh1 Qxa1 30. Kg1 Qd4+ 31. Kh1 Nf2+ 32. Qxf2 Qxf2 33. h4 Bd3 34. h5 Bf1 35. Ng6+ fxg6 36. hxg6 Qxg2#) 29. Kh1 Nf2+ {Weighted Error Value: White=1.06/Black=0.34} 0-1